000 00458nam a2200157 4500
005 20260310162117.0
008 260310b |||||||| |||| 00| 0 eng d
041 _aMarathi
082 _aX 891 APH B12315
100 _aआफळे, गिरीश
_9216964
245 _aवंगभंग आंदोलन एक अभ्यास
260 _aPune
_bBharatiya Vichar Sadhana
_c2005
300 _a62p
_bPb
365 _aRupaye
_b65
_cINR
942 _cBK
999 _c370675
_d370675